LEADER 00763nam0-22002771i-450- 001 990003082880403321 035 $a000308288 035 $aFED01000308288 035 $a(Aleph)000308288FED01 035 $a000308288 100 $a20000920d--------km-y0itay50------ba 101 0 $aita 102 $aIT 200 1 $aFostering in Sub-Saharan Africa$eAn Economic Perspective$fRenata Serra 225 1 $aDevelopment Studies Working Papers$fCentro Studi Luca d'Agliano$v97.110 676 $a15220 676 $aF/3.13 702 1$aSerra,$bRenata 801 0$aIT$bUNINA$gRICA$2UNIMARC 901 $aBK 912 $a990003082880403321 952 $aPaper$fSES 959 $aSES 996 $aFostering in Sub-Saharan Africa$9460632 997 $aUNINA DB $aING01 LEADER 01036nam a2200277 i 4500 001 991002043199707536 005 20020507155501.0 008 000607s1996 de ||| | eng 020 $a3515067728 035 $ab11600676-39ule_inst 035 $aLE02729489$9ExL 040 $aDip.to Studi Giuridici$bita 082 0 $a340.5 084 $aR-III/D 100 1 $aPeachin, Michael$0238579 245 10$aIudex vice Caesaris :$bdeputy emperors and the administration of justice during the Principate /$cMichael Peachin 260 $aStuttgart :$bF. Steiner,$c1996 300 $ax, 267 p. ;$c23 cm. 490 0 $aHeidelberger althistorische Beitrage und epigraphische Studien ;$v21 650 4$aImpero romano$xLegislazione 907 $a.b11600676$b01-03-17$c02-07-02 912 $a991002043199707536 945 $aLE027 R-III/D 157$g1$iLE027CL-1522$lle027$o-$pE0.00$q-$rl$s- $t0$u0$v0$w0$x0$y.i11812874$z02-07-02 996 $aIudex vice Caesaris$9896824 997 $aUNISALENTO 998 $ale027$b01-01-00$cm$da $e-$feng$gde $h0$i1